000 00732cam a2200157 4500500
005 20260111085605.0
041 _afre
042 _adc
100 1 0 _aKoller, Sylvie
_eauthor
245 0 0 _aDavid Colon, La guerre de l’information, Les États à la conquête de nos esprits. Tallandier, 2023, 480 pages, 23,90 €.
260 _c2023.
500 _a41
520 _aAu Palais de Tokyo, à Paris, le duo autrichien constitué de Jakob Lena Knebl et d’Ashley Hans Scheirl est au cœur d’une exposition résolument placée sous le signe du double.
786 0 _nÉtudes | Javier | 1 | 2023-12-22 | p. 121z-144z | 0014-1941
856 4 1 _uhttps://shs.cairn.info/revue-etudes-2024-1-page-121z?lang=fr&redirect-ssocas=7080
999 _c1618290
_d1618290